000 00322nam a2200145 a 4500
008 000904s1981||||xx 0 und c
040 _aSNK
_bslo
_cSNK
_eAACR2
100 1 _aCzerny, Carl
245 1 0 _aŠkola zběhlosti
260 _aPraha
_bSHV
_c1981
300 _a102 s.
020 _c16
041 _aces
044 _aCZ
999 _c15244
_d15244